[Event "G7, gruppe 1"]
[Site "Skorping"]
[Date "2017.04.11"]
[Round "1"]
[White "Rasmussen, Morten Fredsgaard"]
[Black "Rasmussen, Henning Lau"]
[Result "0-1"]
[WhiteElo "1959"]
[BlackElo "2146"]
[PlyCount "72"]
[EventDate "2017.04.11"]

1. d4 d5 2. Bf4 Nf6 3. e3 c5 4. c3 Nc6 5. Nf3 Qb6 6. Qb3 c4 7. Qc2 Bf5 8. Qc1
e6 9. Nbd2 Nh5 10. Bg3 h6 11. Be2 Nxg3 12. hxg3 Be7 13. e4 Bh7 14. O-O O-O 15.
Nh2 dxe4 16. Bxc4 Bg5 17. Re1 Rac8 18. Nhf1 Rfd8 19. Ne3 Ne7 20. Qc2 Nd5 21.
Bxd5 exd5 22. Qb3 Qc6 23. Ndf1 f5 24. f3 Kh8 25. Rad1 Bf6 26. Nh2 h5 27. Kf2
Qd6 28. Rh1 a6 29. Rde1 h4 30. g4 f4 31. Nc2 b5 32. Re2 e3+ 33. Ke1 g5 34. Kd1
Bd3 35. Ree1 a5 36. a3 Bc4 0-1

[Event "G7, gruppe 1"]
[Site "Skorping"]
[Date "2017.04.11"]
[Round "1"]
[White "Brorsen, Jacob Abildlund"]
[Black "Steenstrup, Svend"]
[Result "1-0"]
[WhiteElo "2135"]
[BlackElo "1900"]
[PlyCount "85"]
[EventDate "2017.04.11"]

1. e4 d5 2. exd5 Qxd5 3. Nc3 Qd6 4. Nf3 Nf6 5. Be2 a6 6. d4 Nc6 7. a3 Bf5 8. d5
Ne5 9. Qd4 Nxf3+ 10. Bxf3 e5 11. Qa4+ Qd7 12. Qb3 Bd6 13. Be3 O-O 14. O-O-O b5
15. h3 b4 16. axb4 Rfb8 17. Qc4 Rxb4 18. Qc6 Qd8 19. Na2 Bd7 20. Qc3 Ra4 21.
Kb1 Qe7 22. b3 Rb8 23. Ka1 Bb4 24. Qxc7 Rc8 25. Qxc8+ Bxc8 26. bxa4 a5 27. c3
Bd6 28. Rd2 Ba6 29. Rb1 h5 30. Rb6 Bc4 31. Rc6 Bb3 32. c4 e4 33. Bd1 Bxd1 34.
Rxd1 Be5+ 35. Kb1 Qa3 36. Rb6 Qxa4 37. Rc1 Nd7 38. Rb7 f5 39. g3 h4 40. c5 hxg3
41. fxg3 Bxg3 42. c6 Qa3 43. Rc3 1-0

[Event "G7, gruppe 1"]
[Site "Skorping"]
[Date "2017.04.11"]
[Round "1"]
[White "Fogh, Jens Olaf Svanholm"]
[Black "Luther, Lasse"]
[Result "1-0"]
[WhiteElo "1983"]
[BlackElo "2071"]
[PlyCount "47"]
[EventDate "2017.04.11"]

1. d4 Nf6 2. c4 g6 3. Nc3 d5 4. b3 c5 5. e3 Bg7 6. Nge2 O-O 7. g3 Bg4 8. Bg2
cxd4 9. exd4 Nc6 10. Be3 dxc4 11. bxc4 e5 12. d5 Nd4 13. O-O Qa5 14. h3 Nxe2+
15. Nxe2 Bf5 16. Qb3 b6 17. Rfd1 Rfd8 18. Nc3 Ne8 19. Nb5 Rac8 20. a4 Nd6 21.
g4 Be4 22. Nxd6 Rxd6 23. Bxe4 Rf8 24. Bd2 1-0

[Event "G7, gruppe 1"]
[Site "Skorping"]
[Date "2017.04.11"]
[Round "1"]
[White "Madsen, Svend Aage"]
[Black "Pedersen, Niels"]
[Result "1-0"]
[WhiteElo "2052"]
[BlackElo "1951"]
[PlyCount "97"]
[EventDate "2017.04.11"]

1. e4 c5 2. Nf3 Nc6 3. Bb5 e6 4. O-O Nge7 5. c3 a6 6. Ba4 b5 7. Bc2 Bb7 8. Re1
Ng6 9. d4 cxd4 10. cxd4 Bb4 11. Bd2 Bxd2 12. Nbxd2 O-O 13. Nb3 d6 14. Qd2 Rc8
15. Rad1 Qe7 16. a3 Rfd8 17. Bb1 Qf6 18. Qe3 Qf4 19. g3 Qxe3 20. Rxe3 Nce7 21.
Ne1 Rc7 22. Na5 Ba8 23. Nd3 Nc6 24. Nxc6 Bxc6 25. Rc1 Rdc8 26. Nb4 Bb7 27. Rec3
Rxc3 28. Rxc3 Rxc3 29. bxc3 a5 30. Na2 Ne7 31. Bd3 Bc6 32. Nc1 Nc8 33. Nb3 a4
34. Na5 Bd7 35. c4 bxc4 36. Bxc4 Kf8 37. Kf1 Na7 38. Ke2 Ke7 39. Kd2 Kd8 40.
Kc3 Kc7 41. Kb4 Nc8 42. Bb5 Nb6 43. Nc4 Bc8 44. Bxa4 Bb7 45. Nxb6 Kxb6 46. e5
dxe5 47. dxe5 Bd5 48. f4 f6 49. Bb3 1-0

[Event "G7, gruppe 1"]
[Site "Skorping"]
[Date "2017.04.11"]
[Round "1"]
[White "Oe, Oluf"]
[Black "Kristensen, Peter"]
[Result "0-1"]
[WhiteElo "1927"]
[BlackElo "2018"]
[PlyCount "90"]
[EventDate "2017.04.11"]

1. e4 e5 2. Nf3 Nc6 3. Bb5 a6 4. Ba4 Nf6 5. O-O Be7 6. Re1 b5 7. Bb3 O-O 8. c3
d5 9. exd5 Nxd5 10. Nxe5 Nxe5 11. Rxe5 c6 12. d4 Bd6 13. Re1 Qh4 14. g3 Qh3 15.
Bxd5 cxd5 16. Qf3 Be6 17. Be3 Rad8 18. Nd2 Bg4 19. Qg2 Qh5 20. f3 Bh3 21. Qf2
Qg6 22. Nf1 b4 23. Bd2 bxc3 24. Bxc3 h5 25. Ne3 h4 26. f4 hxg3 27. hxg3 Bb8 28.
Ng2 Rfe8 29. Re3 Re4 30. Rxe4 dxe4 31. Re1 Ba7 32. Nh4 Qc6 33. Kh2 Be6 34. a3
Qd5 35. Rd1 Qh5 36. Rd2 Bd5 37. Qe2 Qh6 38. Qe3 Rd6 39. Kg1 Qf6 40. Ng2 Qe6 41.
Qf2 Qh3 42. Nh4 e3 43. Qxe3 Re6 44. Qd3 Qh1+ 45. Kf2 Qe1# 0-1

[Event "G7, gruppe 1"]
[Site "Skorping"]
[Date "2017.04.11"]
[Round "1"]
[White "Jensen, Morten Frank"]
[Black "Glasscock, David"]
[Result "1-0"]
[WhiteElo "2015"]
[BlackElo "1905"]
[PlyCount "111"]
[EventDate "2017.04.11"]

1. e4 d6 2. f4 Nf6 3. d3 Bg4 4. Nf3 d5 5. e5 Nfd7 6. h3 Bxf3 7. Qxf3 e6 8. d4
c5 9. c3 Nc6 10. Qf2 Qb6 11. Be3 Rc8 12. dxc5 Bxc5 13. Bxc5 Qxc5 14. Nd2 Qxf2+
15. Kxf2 a6 16. c4 Ne7 17. Be2 Nb6 18. b3 O-O 19. Rhc1 Rfd8 20. c5 Nd7 21. b4
Nc6 22. Rab1 Rf8 23. Bg4 a5 24. a3 axb4 25. axb4 Ra8 26. b5 Ne7 27. c6 bxc6 28.
bxc6 Nb8 29. c7 Nbc6 30. Rb6 Rfc8 31. Rbxc6 Nxc6 32. Rxc6 Ra7 33. Rxe6 Raxc7
34. Rd6 Rb8 35. Rxd5 g6 36. Bf3 Rb2 37. Kg3 Kg7 38. Ne4 h6 39. Nf6 Rb8 40. h4
h5 41. Ne4 Rbb7 42. Ng5 Re7 43. Ne4 Ra7 44. Nf6 Rac7 45. Rd8 Ra7 46. Kh3 Ra3
47. Kg3 Raa7 48. Be4 Ra3+ 49. Kf2 Ra4 50. Ke3 Ra3+ 51. Bd3 Rb3 52. Rg8+ Kh6 53.
Rxg6+ fxg6 54. Ng8+ Kg7 55. Nxe7 Kf7 56. Nxg6 1-0

[Event "G7, gruppe 1"]
[Site "Skorping"]
[Date "2017.04.11"]
[Round "1"]
[White "Holmstrom, Johan Ravnborg"]
[Black "Hvid, Jorn Christensen"]
[Result "1/2-1/2"]
[WhiteElo "1894"]
[BlackElo "1901"]
[PlyCount "56"]
[EventDate "2017.04.11"]

1. c4 Nf6 2. Nc3 g6 3. g3 Bg7 4. Bg2 O-O 5. Nf3 d6 6. O-O e5 7. d3 c6 8. Bg5 h6
9. Bd2 Ne8 10. Qc1 Kh7 11. Ne1 Be6 12. h3 d5 13. cxd5 cxd5 14. e3 Nc6 15. f4
Qd7 16. Kh2 Rc8 17. Qd1 f5 18. fxe5 Nxe5 19. Qe2 Nf6 20. Nf3 Nc6 21. Rac1 Rce8
22. Qd1 g5 23. Ng1 Ne5 24. Qe2 Ng6 25. Rce1 d4 26. exd4 Qxd4 27. Be3 Qd7 28.
Qc2 b6 1/2-1/2

[Event "G7, gruppe 1"]
[Site "Skorping"]
[Date "2017.04.12"]
[Round "2"]
[White "Rasmussen, Henning Lau"]
[Black "Jensen, Morten Frank"]
[Result "1/2-1/2"]
[WhiteElo "2146"]
[BlackElo "2015"]
[PlyCount "64"]
[EventDate "2017.04.11"]

1. d4 g6 2. e4 Bg7 3. c3 d5 4. exd5 Qxd5 5. Be2 c5 6. dxc5 Qxd1+ 7. Bxd1 Nf6 8.
Bf3 Nbd7 9. Be3 Ne5 10. Nd2 O-O 11. O-O-O Bf5 12. Nb3 Nd3+ 13. Rxd3 Bxd3 14.
Bxb7 Rad8 15. c6 Nd5 16. Nf3 Bf5 17. Bg5 f6 18. Bd2 e5 19. c4 Nb6 20. Ba6 Bc8
21. Bb5 a6 22. c5 axb5 23. cxb6 Rd6 24. Na5 Bf5 25. b7 Be4 26. Bb4 Bh6+ 27. Nd2
Rd4 28. c7 Bxb7 29. Nxb7 Rxb4 30. Nd6 Bxd2+ 31. Kc2 Rd4 32. c8=Q Rxc8+ 1/2-1/2

[Event "G7, gruppe 1"]
[Site "Skorping"]
[Date "2017.04.12"]
[Round "2"]
[White "Kristensen, Peter"]
[Black "Brorsen, Jacob Abildlund"]
[Result "0-1"]
[WhiteElo "2018"]
[BlackElo "2135"]
[PlyCount "78"]
[EventDate "2017.04.11"]

1. e4 e5 2. Nf3 Nc6 3. Bb5 a6 4. Ba4 Nf6 5. O-O Be7 6. d3 b5 7. Bb3 d6 8. a3
Bg4 9. c3 O-O 10. Re1 Na5 11. Ba2 c5 12. Nbd2 Rc8 13. h3 Be6 14. Bxe6 fxe6 15.
b4 Nb7 16. Qb3 Qd7 17. a4 Nh5 18. axb5 axb5 19. g3 Rf6 20. Ra7 cxb4 21. cxb4
Bd8 22. Ra6 Rc6 23. Rxc6 Qxc6 24. Bb2 Bb6 25. Rc1 Qd7 26. d4 Rf8 27. Kg2 exd4
28. Bxd4 Bxd4 29. Nxd4 Nd8 30. Qd3 e5 31. Nxb5 Ne6 32. Kg1 Ng5 33. Qd5+ Kh8 34.
Qxd6 Nxh3+ 35. Kh1 Nxf2+ 36. Kg1 Nh3+ 37. Kh1 Qf7 38. Qxe5 Nf2+ 39. Kg2 Nd3 0-1

[Event "G7, gruppe 1"]
[Site "Skorping"]
[Date "2017.04.12"]
[Round "2"]
[White "Fogh, Jens Olaf Svanholm"]
[Black "Madsen, Svend Aage"]
[Result "1/2-1/2"]
[WhiteElo "1983"]
[BlackElo "2052"]
[PlyCount "132"]
[EventDate "2017.04.11"]

1. d4 d5 2. Nf3 Nf6 3. e3 Bf5 4. c4 e6 5. Nc3 c6 6. Be2 h6 7. O-O Be7 8. a3 a5
9. Bd2 O-O 10. Rc1 Nbd7 11. Be1 Bd6 12. Nd2 Bc7 13. b4 axb4 14. axb4 e5 15.
cxd5 exd4 16. exd4 Nxd5 17. Nxd5 cxd5 18. Qb3 Nf6 19. f3 Bb6 20. Bf2 Qd7 21.
Qb2 Qe7 22. Bb5 Rfc8 23. Rfe1 Rxc1 24. Rxc1 Rc8 25. Rxc8+ Bxc8 26. Qc3 Qc7 27.
Qb2 Qe7 28. Bd3 Ne8 29. Qc3 Nd6 30. Nb3 Bd7 31. Nc5 Bb5 32. Bxb5 Nxb5 33. Qe3
Qxe3 34. Bxe3 Bxc5 35. dxc5 Kf8 36. Kf1 Ke7 37. Ke2 Kd7 38. g4 Ke6 39. Kd3 f5
40. Bf4 Kf6 41. h4 g5 42. hxg5+ hxg5 43. Bc1 f4 44. Bb2+ Ke6 45. Kc2 Nc7 46.
Kb3 Kd7 47. Ka4 Kc6 48. Bd4 Ne6 49. b5+ Kc7 50. Be5+ Kd7 51. Kb4 Nd8 52. Ka5
Ne6 53. Kb4 Nd8 54. Bd4 Ne6 55. Bg1 Kc7 56. Ka5 Nd8 57. Bd4 Ne6 58. Be5+ Kc8
59. c6 bxc6 60. bxc6 Kd8 61. Kb5 Kc8 62. Bf6 Kc7 63. Be5+ Kc8 64. Bf6 Kc7 65.
Be5+ Kc8 66. Bf6 d4 1/2-1/2

[Event "G7, gruppe 1"]
[Site "Skorping"]
[Date "2017.04.12"]
[Round "2"]
[White "Hvid, Jorn Christensen"]
[Black "Luther, Lasse"]
[Result "1/2-1/2"]
[WhiteElo "1901"]
[BlackElo "2071"]
[PlyCount "30"]
[EventDate "2017.04.11"]

1. d4 Nf6 2. c4 g6 3. f3 Nc6 4. d5 Ne5 5. e4 d6 6. Nc3 Bg7 7. f4 Ned7 8. Nf3
O-O 9. Be2 c6 10. Be3 Nc5 11. Bxc5 dxc5 12. e5 Nd7 13. Qd2 Nb6 14. Rd1 Bg4 15.
O-O Qc7 1/2-1/2

[Event "G7, gruppe 1"]
[Site "Skorping"]
[Date "2017.04.12"]
[Round "2"]
[White "Steenstrup, Svend"]
[Black "Holmstrom, Johan Ravnborg"]
[Result "1/2-1/2"]
[WhiteElo "1900"]
[BlackElo "1894"]
[PlyCount "86"]
[EventDate "2017.04.11"]

1. d4 Nf6 2. c4 e6 3. Nf3 Bb4+ 4. Nbd2 O-O 5. a3 Be7 6. e4 d5 7. e5 Nfd7 8.
cxd5 exd5 9. Bd3 c5 10. h4 g6 11. h5 Nc6 12. e6 Nb6 13. exf7+ Rxf7 14. hxg6
hxg6 15. Bxg6 Rg7 16. Qc2 c4 17. Bh7+ Kf8 18. Nf1 Bf6 19. Bh6 Qe7+ 20. Ne3 Bg4
21. O-O-O Bxf3 22. gxf3 Bg5 23. Qf5+ Bf6 24. Bxg7+ Qxg7 25. Rhg1 Nxd4 26. Rxd4
Qxg1+ 27. Rd1 Qg5 28. Qxg5 Bxg5 29. Rg1 Bxe3+ 30. fxe3 Re8 31. Rg8+ Kf7 32.
Rxe8 Kxe8 33. Kd2 Ke7 34. Bc2 Kd6 35. Kc3 Kc5 36. f4 Nd7 37. Bf5 Nf6 38. b4+
cxb3 39. Kxb3 b5 40. Kc3 a5 41. Bd3 b4+ 42. axb4+ axb4+ 43. Kb3 Ng4 1/2-1/2

[Event "G7, gruppe 1"]
[Site "Skorping"]
[Date "2017.04.12"]
[Round "2"]
[White "Glasscock, David"]
[Black "Rasmussen, Morten Fredsgaard"]
[Result "1-0"]
[WhiteElo "1905"]
[BlackElo "1959"]
[PlyCount "43"]
[EventDate "2017.04.11"]

1. d4 d5 2. Bf4 Nf6 3. e3 Bf5 4. c4 c6 5. Nc3 e6 6. Qb3 Qb6 7. c5 Qxb3 8. axb3
Nbd7 9. Nf3 Be7 10. b4 O-O 11. b5 Nh5 12. bxc6 bxc6 13. Bc7 Rfc8 14. Ba5 e5 15.
b4 e4 16. Nd2 a6 17. Be2 Nhf6 18. O-O Ne8 19. Rfb1 Be6 20. Na4 Bd8 21. Nb3 Nc7
22. Nb6 1-0

[Event "G7, gruppe 1"]
[Site "Skorping"]
[Date "2017.04.12"]
[Round "2"]
[White "Pedersen, Niels"]
[Black "Oe, Oluf"]
[Result "1/2-1/2"]
[WhiteElo "1951"]
[BlackElo "1927"]
[PlyCount "141"]
[EventDate "2017.04.11"]

1. e4 e5 2. Nf3 Nc6 3. Bb5 a6 4. Bxc6 dxc6 5. O-O Bd6 6. d4 Bg4 7. dxe5 Bxf3 8.
Qxf3 Bxe5 9. Nd2 b5 10. Nb3 Nf6 11. c3 Qe7 12. Bg5 O-O 13. Rfe1 Rfd8 14. Rad1
h6 15. Bh4 c5 16. Nc1 c4 17. Qe2 Rxd1 18. Rxd1 Rd8 19. f3 Rxd1+ 20. Qxd1 Qd6
21. Qxd6 cxd6 22. Bxf6 Bxf6 23. Kf2 Kf8 24. Ne2 Ke8 25. Ke3 Kd7 26. f4 Bd8 27.
Kf3 Bb6 28. g4 Ke6 29. h4 g6 30. f5+ gxf5 31. gxf5+ Ke5 32. Nf4 Bd8 33. h5 Bg5
34. Nd5 Bc1 35. b3 cxb3 36. axb3 a5 37. Nb6 d5 38. Nxd5 a4 39. bxa4 bxa4 40.
Nb4 Bd2 41. Na2 Bg5 42. Nb4 Kd6 43. Ke2 Kc5 44. Kd3 Kb5 45. Na2 Bf4 46. Kd4 a3
47. e5 Ka4 48. e6 fxe6 49. fxe6 Bd6 50. Kc4 Be7 51. Nc1 Bg5 52. Kd3 Kb5 53. Ke4
Kc4 54. Na2 Kb3 55. c4 Kxc4 56. Kf5 Kb3 57. Nc1+ Kb2 58. Nd3+ Kc3 59. Nc1 Kc4
60. Ke4 Be7 61. Kf5 Kd5 62. Na2 Kd6 63. Nc1 Bg5 64. Na2 Ke7 65. Nc3 Bc1 66.
Nd5+ Kd6 67. Nb4 Bb2 68. Na2 Ke7 69. Nb4 Bc1 70. Ke5 Bd2 71. Na2 1/2-1/2

[Event "G7, gruppe 1"]
[Site "Skorping"]
[Date "2017.04.13"]
[Round "3"]
[White "Brorsen, Jacob Abildlund"]
[Black "Rasmussen, Henning Lau"]
[Result "0-1"]
[WhiteElo "2135"]
[BlackElo "2146"]
[PlyCount "138"]
[EventDate "2017.04.11"]

1. e4 c6 2. Nc3 d5 3. Nf3 dxe4 4. Nxe4 Nf6 5. Nxf6+ exf6 6. Bc4 Bd6 7. O-O O-O
8. d4 Na6 9. Bxa6 bxa6 10. Qd3 Qa5 11. Bd2 Qh5 12. Rfe1 Rb8 13. b4 g5 14. g3
Bg4 15. Kg2 Bxb4 16. Bxb4 Rxb4 17. Re7 Be6 18. c3 Ra4 19. Nd2 Bd5+ 20. Kg1 Qg6
21. Qxg6+ hxg6 22. a3 Rb8 23. Kf1 Rb2 24. Ke2 Ra2 25. Rxa2 Bxa2 26. Rc7 Bd5 27.
Rxa7 Rxa3 28. c4 Bg2 29. f3 f5 30. d5 cxd5 31. cxd5 g4 32. d6 Bxf3+ 33. Kf2 Rd3
34. Nc4 Bc6 35. Ne5 Rxd6 36. Rxa6 Rd2+ 37. Ke3 Re2+ 38. Kxe2 Bb5+ 39. Ke3 Bxa6
40. Kf4 Kg7 41. Nd7 Bb5 42. Nb6 f6 43. Nd5 Bd7 44. Ke3 g5 45. Nc3 Kf7 46. Ne2
Ke6 47. Kd4 Kd6 48. Ke3 Ke5 49. Nc3 f4+ 50. Kf2 f5 51. Ne2 Bc6 52. Nc1 Bb5 53.
Nb3 Bc4 54. Nc5 Kd6 55. Na4 Bb5 56. Nc3 Kc5 57. Ke1 Bc4 58. Na4+ Kb5 59. Nc3+
Kb4 60. Nd1 Bb3 61. Nf2 Kc3 62. Ke2 Bc2 63. Ke1 f3 64. h3 f4 65. gxf4 g3 66.
fxg5 g2 67. Nd1+ Bxd1 68. Kf2 Bc2 69. h4 Bg6 0-1

[Event "G7, gruppe 1"]
[Site "Skorping"]
[Date "2017.04.13"]
[Round "3"]
[White "Jensen, Morten Frank"]
[Black "Fogh, Jens Olaf Svanholm"]
[Result "1-0"]
[WhiteElo "2015"]
[BlackElo "1983"]
[PlyCount "101"]
[EventDate "2017.04.11"]

1. e4 e6 2. f4 d5 3. e5 g6 4. Nf3 h5 5. c3 Nh6 6. Na3 c5 7. d3 Be7 8. Nc2 Nc6
9. Be3 h4 10. Qd2 Bd7 11. Be2 Qc7 12. d4 c4 13. O-O Nf5 14. Bf2 Bf8 15. Rfc1 b5
16. b3 Na5 17. b4 Nc6 18. Bd1 a5 19. bxa5 Qxa5 20. a3 Be7 21. Rcb1 Qa6 22. g4
hxg3 23. hxg3 Kd8 24. Ng5 Be8 25. g4 Ng7 26. Bf3 Na5 27. Nb4 Qb7 28. Ra2 Nb3
29. Qe3 Ra7 30. Bd1 Na5 31. Rab2 Bxg5 32. fxg5 Nc6 33. Qf4 Qe7 34. Qf6 Rh7 35.
a4 bxa4 36. Nxc6+ Bxc6 37. Rb6 a3 38. Rxc6 a2 39. Rd6+ Kc8 40. Ra1 Qxf6 41.
gxf6 Ne8 42. Rb6 Rh3 43. Be1 Rd3 44. Bc2 Re3 45. Kf2 Rh3 46. Rb2 Rh2+ 47. Kf1
Rh1+ 48. Ke2 Rh2+ 49. Kd1 Rd7 50. Raxa2 Nc7 51. Ba4 1-0

[Event "G7, gruppe 1"]
[Site "Skorping"]
[Date "2017.04.13"]
[Round "3"]
[White "Madsen, Svend Aage"]
[Black "Hvid, Jorn Christensen"]
[Result "1-0"]
[WhiteElo "2052"]
[BlackElo "1901"]
[PlyCount "61"]
[EventDate "2017.04.11"]

1. e4 e6 2. b3 c5 3. Bb2 Nc6 4. Nf3 d5 5. exd5 exd5 6. Bb5 Qe7+ 7. Be2 Be6 8.
O-O Qc7 9. Re1 Nf6 10. Ng5 Qf4 11. Nxe6 fxe6 12. g3 Qf5 13. Bd3 Qh3 14. Bf1 Qf5
15. Qe2 Kf7 16. Bg2 Bd6 17. d3 Rae8 18. Nd2 Rhf8 19. f4 e5 20. fxe5 Nxe5 21.
Bxd5+ Kg6 22. Be4 Nxe4 23. Qxe4 Qxe4 24. Rxe4 Nf3+ 25. Nxf3 Rxe4 26. dxe4 Rxf3
27. Rd1 Be7 28. Rd7 Bg5 29. Rxg7+ Kh6 30. Kg2 Re3 31. Rxg5 1-0

[Event "G7, gruppe 1"]
[Site "Skorping"]
[Date "2017.04.13"]
[Round "3"]
[White "Holmstrom, Johan Ravnborg"]
[Black "Kristensen, Peter"]
[Result "1/2-1/2"]
[WhiteElo "1894"]
[BlackElo "2018"]
[PlyCount "81"]
[EventDate "2017.04.11"]

1. c4 g6 2. Nc3 c5 3. g3 Bg7 4. Bg2 Nc6 5. a3 e6 6. Rb1 Nge7 7. e4 O-O 8. Nge2
b6 9. O-O Bb7 10. b4 cxb4 11. axb4 Ne5 12. d3 d5 13. f4 Nd7 14. cxd5 exd5 15.
e5 Re8 16. d4 Nf8 17. b5 a6 18. Qb3 a5 19. Ba3 Ne6 20. Rfd1 Rc8 21. g4 Rc4 22.
Bxe7 Rxe7 23. f5 Nxd4 24. Nxd4 Bxe5 25. Nce2 Qc7 26. h3 Qc5 27. Qd3 Bxd4+ 28.
Nxd4 Rc3 29. Qd2 Ree3 30. Kh1 Qa3 31. Nc2 Rxh3+ 32. Kg1 Qc5+ 33. Qd4 Rhg3 34.
Ne1 Rc4 35. Qxc5 bxc5 36. Kf2 Rgxg4 37. fxg6 hxg6 38. Bxd5 Bxd5 39. Rxd5 Rgf4+
40. Kg2 Rg4+ 41. Kf2 1/2-1/2

[Event "G7, gruppe 1"]
[Site "Skorping"]
[Date "2017.04.13"]
[Round "3"]
[White "Oe, Oluf"]
[Black "Glasscock, David"]
[Result "0-1"]
[WhiteElo "1927"]
[BlackElo "1905"]
[PlyCount "80"]
[EventDate "2017.04.11"]

1. e4 d6 2. d4 Nf6 3. Bd3 Nc6 4. c3 e5 5. d5 Ne7 6. Nf3 g6 7. O-O Bg7 8. h3 O-O
9. Be3 Ne8 10. Qd2 f5 11. Bh6 f4 12. Bxg7 Nxg7 13. c4 h6 14. Nc3 g5 15. b4 Ng6
16. c5 g4 17. hxg4 Bxg4 18. Nh2 Qg5 19. Nxg4 Qxg4 20. f3 Qg5 21. Nb5 Ne8 22.
cxd6 cxd6 23. Rfc1 Nh4 24. Qf2 Rf7 25. Rc2 Rg7 26. Bf1 Qh5 27. Rc3 a6 28. Na3
Kh7 29. Rac1 Rd8 30. Nc2 Rdd7 31. Ne1 Rg3 32. Qb6 Rdg7 33. Qd8 Nxf3+ 34. Nxf3
Rxf3 35. Rxf3 Qxf3 36. Rc8 Qe3+ 37. Kh2 Qg3+ 38. Kg1 f3 39. Qb6 fxg2 40. Rxe8
Qe1 0-1

[Event "G7, gruppe 1"]
[Site "Skorping"]
[Date "2017.04.13"]
[Round "3"]
[White "Luther, Lasse"]
[Black "Steenstrup, Svend"]
[Result "1-0"]
[WhiteElo "2071"]
[BlackElo "1900"]
[PlyCount "63"]
[EventDate "2017.04.11"]

1. d4 Nf6 2. Bf4 g6 3. Nc3 c5 4. d5 d6 5. e4 Bg7 6. Qd2 Qb6 7. Bb5+ Bd7 8. a4
Bxb5 9. axb5 Nbd7 10. Bh6 Bxh6 11. Qxh6 c4 12. Nf3 Ng4 13. Qh4 h5 14. h3 Nge5
15. Nxe5 Nxe5 16. Qf4 a6 17. Qd2 f6 18. f4 Nd7 19. Qf2 Nc5 20. O-O Kd7 21. bxa6
Rxa6 22. Rxa6 bxa6 23. Qd4 Qxb2 24. e5 Qxc2 25. exf6 exf6 26. Re1 Nd3 27. Qa7+
Kd8 28. Qa8+ Kd7 29. Qc6+ Kd8 30. Qxd6+ Kc8 31. Qc6+ Kd8 32. Qxf6+ 1-0

[Event "G7, gruppe 1"]
[Site "Skorping"]
[Date "2017.04.13"]
[Round "3"]
[White "Rasmussen, Morten Fredsgaard"]
[Black "Pedersen, Niels"]
[Result "1/2-1/2"]
[WhiteElo "1959"]
[BlackElo "1951"]
[PlyCount "170"]
[EventDate "2017.04.11"]

1. d4 Nf6 2. Bf4 d5 3. e3 Bf5 4. c4 c6 5. Nc3 e6 6. Qb3 Qb6 7. c5 Qxb3 8. axb3
Nbd7 9. b4 Nh5 10. Bg5 h6 11. Bh4 Be7 12. Bxe7 Kxe7 13. Be2 Nhf6 14. Nf3 a6 15.
O-O Rhe8 16. Nd2 e5 17. Nb3 Kf8 18. h3 Bc2 19. Na5 Rab8 20. Rfc1 Bg6 21. Rd1 e4
22. Re1 Bh5 23. Bf1 g5 24. Rec1 Ng8 25. b5 axb5 26. Bxb5 Re6 27. Nxd5 cxb5 28.
Nc7 Rg6 29. Nxb5 Be2 30. Nd6 Rxd6 31. cxd6 Bb5 32. Rc7 b6 33. Nc6 Bxc6 34. Rxc6
Ke8 35. g4 Ngf6 36. Rac1 Rd8 37. R1c3 Nd5 38. Rb3 N7f6 39. Rb5 Kd7 40. Rcxb6
Nxb6 41. Rxb6 Ke6 42. d7+ Ke7 43. Kg2 Rxd7 44. f3 Rd6 45. Rb5 Nd5 46. fxe4
Nxe3+ 47. Kf3 Nc2 48. Rb7+ Ke6 49. d5+ Kf6 50. b4 Ra6 51. b5 Ra3+ 52. Kg2 Rb3
53. d6 Ne3+ 54. Kh2 Nc4 55. d7 Ke7 56. d8=Q+ Kxd8 57. Rxf7 Rxb5 58. h4 Ne5 59.
Rh7 Rb6 60. hxg5 hxg5 61. Rg7 Rg6 62. Ra7 Nd7 63. Kg3 Re6 64. Kf3 Nc5 65. Ra5
Nxe4 66. Ra7 Nf6 67. Ra5 Nh7 68. Ra7 Re7 69. Ra6 Ke8 70. Rb6 Kf7 71. Ra6 Nf6
72. Rb6 Re6 73. Rb5 Kg6 74. Rb4 Rc6 75. Rb3 Rc4 76. Rb6 Rc3+ 77. Kg2 Kf7 78.
Rb7+ Ke6 79. Rb6+ Ke5 80. Rb5+ Nd5 81. Ra5 Rd3 82. Kf2 Rd4 83. Kf3 Rf4+ 84. Kg3
Kf6 85. Rxd5 Kg6 1/2-1/2

[Event "G7, gruppe 1"]
[Site "Skorping"]
[Date "2017.04.14"]
[Round "4"]
[White "Rasmussen, Henning Lau"]
[Black "Madsen, Svend Aage"]
[Result "1/2-1/2"]
[WhiteElo "2146"]
[BlackElo "2052"]
[PlyCount "25"]
[EventDate "2017.04.11"]

1. d4 d5 2. c4 c6 3. Nf3 Nf6 4. Nc3 dxc4 5. a4 Bf5 6. e3 e6 7. Bxc4 Bb4 8. O-O
O-O 9. Qe2 Nbd7 10. h3 h6 11. e4 Bh7 12. e5 Nd5 13. Nxd5 1/2-1/2

[Event "G7, gruppe 1"]
[Site "Skorping"]
[Date "2017.04.14"]
[Round "4"]
[White "Brorsen, Jacob Abildlund"]
[Black "Jensen, Morten Frank"]
[Result "1-0"]
[WhiteElo "2135"]
[BlackElo "2015"]
[PlyCount "99"]
[EventDate "2017.04.11"]

1. e4 g6 2. d4 Bg7 3. Nf3 c5 4. d5 d6 5. Nc3 Nf6 6. Be2 Bg4 7. h3 Bxf3 8. gxf3
Na6 9. h4 h5 10. Be3 Nc7 11. Bc4 Nd7 12. Qd2 a6 13. a4 Ne5 14. Be2 b6 15. Bg5
Rb8 16. Kf1 Qc8 17. Kg2 f6 18. Bf4 Nf7 19. Rag1 Rg8 20. Kh2 g5 21. Be3 f5 22.
hxg5 b5 23. a5 Ne5 24. Kg2 Rh8 25. Kf1 Qd7 26. f4 Nc4 27. Bxc4 bxc4 28. e5 Rxb2
29. e6 Nxe6 30. dxe6 Qxe6 31. Kg2 Kf7 32. Re1 Bxc3 33. Qxc3 Qe4+ 34. Kg1 Rbb8
35. Rh3 h4 36. Bc1 Qd4 37. Qf3 Rb1 38. Qe2 e5 39. fxe5 Qg4+ 40. Qxg4 fxg4 41.
e6+ Kg6 42. Rc3 d5 43. Rce3 Kxg5 44. e7 Re8 45. Re6+ Rxc1 46. Rxc1 Kf5 47. Rce1
d4 48. Rd6 d3 49. Rd8 d2 50. Rxd2 1-0

[Event "G7, gruppe 1"]
[Site "Skorping"]
[Date "2017.04.14"]
[Round "4"]
[White "Glasscock, David"]
[Black "Fogh, Jens Olaf Svanholm"]
[Result "1/2-1/2"]
[WhiteElo "1905"]
[BlackElo "1983"]
[PlyCount "75"]
[EventDate "2017.04.11"]

1. d4 Nf6 2. Nf3 g6 3. Bf4 Bg7 4. e3 d6 5. h3 c5 6. c3 Qb6 7. Qb3 Be6 8. Qa3 h6
9. Nbd2 Nh5 10. dxc5 dxc5 11. Be5 Nf6 12. Nc4 Bxc4 13. Bxc4 Nbd7 14. O-O Nxe5
15. Nxe5 e6 16. Qa4+ Ke7 17. Rfd1 Rhd8 18. Qc2 Qc7 19. Nf3 a6 20. a4 Rxd1+ 21.
Rxd1 Rb8 22. Qd3 Nd7 23. a5 Rd8 24. Ra1 Nb8 25. Qc2 Nc6 26. Qa4 Bf6 27. Kf1 Rd7
28. Qa3 Qd6 29. Be2 Ne5 30. Rd1 Qc6 31. Nxe5 Rxd1+ 32. Bxd1 Bxe5 33. Bf3 Qc7
34. Qb3 Qxa5 35. Qxb7+ Kf8 36. g3 Kg7 37. Kg2 Qb5 38. Bc6 1/2-1/2

[Event "G7, gruppe 1"]
[Site "Skorping"]
[Date "2017.04.14"]
[Round "4"]
[White "Luther, Lasse"]
[Black "Holmstrom, Johan Ravnborg"]
[Result "1-0"]
[WhiteElo "2071"]
[BlackElo "1894"]
[PlyCount "131"]
[EventDate "2017.04.11"]

1. d4 Nf6 2. Bf4 g6 3. Nc3 Bg7 4. e4 d6 5. Qd2 h6 6. O-O-O c6 7. Nf3 Bg4 8. h3
Bxf3 9. gxf3 Nh5 10. Be3 Qc7 11. f4 e5 12. fxe5 dxe5 13. d5 Qd6 14. Bc4 Nf4 15.
dxc6 Qxd2+ 16. Rxd2 Nxc6 17. Nd5 Nxd5 18. exd5 Nd4 19. c3 Nf3 20. Bb5+ Kd8 21.
Rdd1 Bf8 22. Be2 Ng5 23. h4 Ne4 24. Bd3 Nd6 25. Kb1 b6 26. c4 Rc8 27. Rc1 Nb7
28. f4 Bc5 29. Bd2 Bd4 30. f5 Nc5 31. Bc2 gxf5 32. Bxf5 Nd7 33. Rhf1 Rc7 34. d6
Rc6 35. Bxd7 Kxd7 36. Rxf7+ Kxd6 37. Rxa7 e4 38. Bf4+ Be5 39. Rd1+ Ke6 40. Bxe5
Kxe5 41. Re7+ Re6 42. Rxe6+ Kxe6 43. Kc2 Rg8 44. Kc3 Ke5 45. Rd5+ Kf4 46. Rb5
Rg3+ 47. Kd2 Rg2+ 48. Ke1 Rg1+ 49. Kf2 Rg6 50. h5 Re6 51. c5 e3+ 52. Ke2 bxc5
53. Rxc5 Rb6 54. b3 Ra6 55. a4 Rd6 56. Rc4+ Kg5 57. Kxe3 Kxh5 58. b4 Kg5 59. b5
h5 60. a5 h4 61. a6 h3 62. a7 Rd8 63. Rc2 Kg4 64. b6 Re8+ 65. Kd4 Rd8+ 66. Ke5
1-0

[Event "G7, gruppe 1"]
[Site "Skorping"]
[Date "2017.04.14"]
[Round "4"]
[White "Kristensen, Peter"]
[Black "Pedersen, Niels"]
[Result "1-0"]
[WhiteElo "2018"]
[BlackElo "1951"]
[PlyCount "73"]
[EventDate "2017.04.11"]

1. e4 c5 2. Nf3 Nc6 3. Bb5 d6 4. O-O a6 5. Bxc6+ bxc6 6. c3 Bg4 7. d4 cxd4 8.
cxd4 Nf6 9. h3 Bh5 10. Nc3 e6 11. Be3 Be7 12. Qa4 Qd7 13. Nd2 O-O 14. Rfc1 Rfc8
15. Nc4 Qd8 16. Na5 Qb6 17. Nc4 Qd8 18. d5 c5 19. dxe6 fxe6 20. e5 Nd5 21. exd6
Bxd6 22. Nxd6 Qxd6 23. Ne4 Qe5 24. Bxc5 Nf4 25. Ng3 Be8 26. Qd4 Qg5 27. Qe3 Rd8
28. Rd1 Bc6 29. Bd6 Rxd6 30. Rxd6 Bxg2 31. Rxe6 h5 32. Re5 Qh4 33. Nf5 Nxh3+
34. Kxg2 Nf4+ 35. Kg1 Nh3+ 36. Kh2 Nf4+ 37. Nxh4 1-0